Wszystkie rejony Litwy na mapie - Statystyki

Ogólne statystyki
  • Ten quiz został rozwiązany 31 razy
  • Średni wynik to 20 z 60
Odpowiedzi na mapie
Odpowiedzi zakodowano w zielono-czerwonej skali na mapie do tego quizu, zgodnie z poniższymi procentami.
 
Statystyki odpowiedzi
Rejon % Poprawnych
Kłajpeda
100%
Wilno
100%
Kowno
93%
Poniewież
93%
Szawle
87%
Wileński
87%
Mariampolski
80%
Olita
80%
Kłajpedzki
73%
Kowieński
73%
Olicki
73%
Poniewieski
73%
Szawelski
73%
Trocki
73%
Połąga
53%
Tauroski
53%
Uciański
53%
Kiejdański
40%
Możejski
40%
Solecznicki
40%
Druskienicki
33%
Janowski
33%
Telszański
33%
Birżański
27%
Kalwaryjski
27%
Święciański
27%
Ignaliński
20%
Łoździejski
20%
Orański
20%
Wiłkomierski
20%
Wisagiński
20%
Wyłkowyski
20%
Birsztański
13%
Elektreński
13%
Jezioroski
13%
Kozłoworudzki
13%
Kretyngański
13%
Malacki
13%
Neryński
13%
Płungiański
13%
Pokrojski
13%
Preński
13%
Rosieński
13%
Szakowski
13%
Szyrwincki
13%
Jurborski
7%
Koszedarski
7%
Okmiański
7%
Oniksztyński
7%
Poswolski
7%
Radziwiliski
7%
Szyłokarczemski
7%
Janiski
0%
Kielmski
0%
Kupiszecki
0%
Pojeski
0%
Rakiszecki
0%
Retowski
0%
Szkudzki
0%
Szyłelski
0%
Nie znaleziono quizów pasujących do podanych kryteriów
Rozkład punktacji
Procent ludzi z każdym wynikiem
Percentyl według liczby udzielonych odpowiedzi
Twoja historia wyników
Nie rozwiązałeś tego quizu